| 000 | 00388cam a22001217a 4500 | ||
|---|---|---|---|
| 008 | 180718b1986 xxu||||| |||| 00| 0 eng d | ||
| 082 | _aA81x54 In2/81/18/Pt6A&B | ||
| 100 | _aCensus of India 1981 | ||
| 245 | _aRajasthan: fertility tables | ||
| 260 |
_aDelhi _bThe Controller of Publications _c1986 |
||
| 300 | _a1019+p. | ||
| 440 | _aCensus of India 1981. Series-18, Rajasthan. Part-VI A & B | ||
| 999 |
_c483241 _d483241 |
||